Probabilistic risk analysis : (Record no. 7081)

MARC details
000 -LEADER
fixed length control field 01392cam a22003134a 4500
001 - CONTROL NUMBER
control field 12164500
003 - CONTROL NUMBER IDENTIFIER
control field OSt
005 - DATE AND TIME OF LATEST TRANSACTION
control field 20210901155118.0
008 - FIXED-LENGTH DATA ELEMENTS--GENERAL INFORMATION
fixed length control field 000906s2001 enka b 001 0 eng
010 ## - LIBRARY OF CONGRESS CONTROL NUMBER
LC control number 00046762
020 ## - INTERNATIONAL STANDARD BOOK NUMBER
International Standard Book Number 0521773202
040 ## - CATALOGING SOURCE
Original cataloging agency DLC
Transcribing agency DDC
Modifying agency DLC
042 ## - AUTHENTICATION CODE
Authentication code pcc
050 00 - LIBRARY OF CONGRESS CALL NUMBER
Classification number TA169
Item number .B44 2001
082 00 - DEWEY DECIMAL CLASSIFICATION NUMBER
Classification number 620BED2001
100 1# - MAIN ENTRY--PERSONAL NAME
Personal name Bedford,Tim; Cooke,Roger
Dates associated with a name 1946-
9 (RLIN) 14579
245 10 - TITLE STATEMENT
Title Probabilistic risk analysis :
Remainder of title foundations and methods /
Statement of responsibility, etc. Edited by Bedford,Tim and Cooke,Roger
260 ## - PUBLICATION, DISTRIBUTION, ETC. (IMPRINT)
Place of publication, distribution, etc. Cambridge, UK ;
-- New York, NY, USA :
Name of publisher, distributor, etc. Cambridge University Press,
Date of publication, distribution, etc. c2001.
300 ## - PHYSICAL DESCRIPTION
Extent xx, 393 p. :
Other physical details ill. ;
Dimensions 26 cm.
504 ## - BIBLIOGRAPHY, ETC. NOTE
Bibliography, etc Includes bibliographical references (p. 373-389) and index.
650 #0 - SUBJECT ADDED ENTRY--TOPICAL TERM
Topical term or geographic name as entry element Physics
9 (RLIN) 809
700 1# - ADDED ENTRY--PERSONAL NAME
Personal name Cooke, Roger M.,
Dates associated with a name 1946-
9 (RLIN) 14581
856 41 - ELECTRONIC LOCATION AND ACCESS
Materials specified Sample text
Uniform Resource Identifier <a href="http://www.loc.gov/catdir/samples/cam033/00046762.html">http://www.loc.gov/catdir/samples/cam033/00046762.html</a>
856 42 - ELECTRONIC LOCATION AND ACCESS
Materials specified Publisher description
Uniform Resource Identifier <a href="http://www.loc.gov/catdir/description/cam021/00046762.html">http://www.loc.gov/catdir/description/cam021/00046762.html</a>
856 41 - ELECTRONIC LOCATION AND ACCESS
Materials specified Table of contents
Uniform Resource Identifier <a href="http://www.loc.gov/catdir/toc/cam027/00046762.html">http://www.loc.gov/catdir/toc/cam027/00046762.html</a>
906 ## - LOCAL DATA ELEMENT F, LDF (RLIN)
a 7
b cbc
c orignew
d 1
e ocip
f 20
g y-gencatlg
942 ## - ADDED ENTRY ELEMENTS (KOHA)
Source of classification or shelving scheme Dewey Decimal Classification
Koha item type Open Shelf
Holdings
Withdrawn status Lost status Source of classification or shelving scheme Damaged status Not for loan Home library Current library Date acquired Source of acquisition Inventory number Total Checkouts Full call number Barcode Date last seen Price effective from Koha item type
    Dewey Decimal Classification     MUST Main Library MUST Main Library 01/09/2021 donation 03/20535   620BED2001 2021-0782 01/09/2021 01/09/2021 Open Shelf